| 000 | 01590cam a22003134a 4500 | ||
|---|---|---|---|
| 999 |
_c332114 _d332114 |
||
| 001 | 13458652 | ||
| 003 | NUST | ||
| 005 | 20171113134240.0 | ||
| 008 | 040115s2004 coua b 000 0 eng | ||
| 010 | _a 2004041062 | ||
| 020 | _a1583213074 | ||
| 040 |
_aDLC _cDLC _dDLC |
||
| 042 | _apcc | ||
| 050 | 0 | 0 |
_aTD465 _b.A43 2004 |
| 082 | 0 | 0 |
_a628.162 AWW _222 |
| 245 | 0 | 0 |
_aAlgae detection and removal strategies for drinking water treatment plants / _cprepared by Detlef R.U. Knappe ... [et al.] ; jointly sponsored by Awwa Research Foundation and the Water Resources Research Institute. |
| 260 |
_aDenver, CO : _bAWWA Research Foundation : _bAmerican Water Works Association, _cc2004. |
||
| 300 |
_axlviii, 466 p. : _bill. ; _c28 cm. |
||
| 500 | _aP.B | ||
| 504 | _aIncludes bibliographical references. | ||
| 650 | 0 |
_aAlgae _xControl. _96327 |
|
| 650 | 0 |
_aWater _xPurification _xMicrobial removal. _96328 |
|
| 700 | 1 |
_aKnappe, Detlef R. U. _96329 |
|
| 710 | 2 |
_aAWWA Research Foundation. _95975 |
|
| 710 | 2 |
_aWater Resources Research Institute of the University of North Carolina. _96330 |
|
| 856 | 4 | 2 |
_3Publisher description _uhttp://www.loc.gov/catdir/enhancements/fy0629/2004041062-d.html |
| 856 | 4 | 1 |
_3Table of contents only _uhttp://www.loc.gov/catdir/enhancements/fy0629/2004041062-t.html |
| 906 |
_a7 _bcbc _corignew _d1 _eocip _f20 _gy-gencatlg |
||
| 942 |
_2ddc _cBK _kIESE |
||